Thudakkangal: Satchidanandante sampoorna krithikal- Volume 1 (തുടക്കങ്ങൾ: സച്ചിജാനന്ദൻെറ സമ്പൂർണ്ണ കൃതികൾ- വോള്യം -1) (Record no. 115918)

MARC details
000 -LEADER
fixed length control field 00401 a2200097 4500
020 ## - INTERNATIONAL STANDARD BOOK NUMBER
International Standard Book Number 9789349855533
100 ## - MAIN ENTRY--PERSONAL NAME
Personal name Satchidanandan
245 ## - TITLE STATEMENT
Title Thudakkangal: Satchidanandante sampoorna krithikal- Volume 1 (തുടക്കങ്ങൾ: സച്ചിജാനന്ദൻെറ സമ്പൂർണ്ണ കൃതികൾ- വോള്യം -1)
260 ## - PUBLICATION, DISTRIBUTION, ETC. (IMPRINT)
Name of publisher, distributor, etc Mathrubhumi books
Date of publication, distribution, etc 2026
942 ## - ADDED ENTRY ELEMENTS (KOHA)
Koha item type On order/under processing
Holdings
Withdrawn status Lost status Damaged status Not for loan Home library Current library Date acquired Source of acquisition Cost, normal purchase price Total Checkouts Barcode Date last seen Cost, replacement price Price effective from Koha item type
        University Library University Library 16/03/2026 269 293.35   00098002 16/03/2026 440.00 16/03/2026 On order/under processing
University Library, CUSAT